00672cam a22002177a 4500003000500000005001700005008004100022010000900063011000900072035000900081040000900090100003000099245008200129260004000211300001000251502011200261650002200373650002200395650001300417650002400430CHAP20220329133434.0971013s1992 r 00010 d a6395 a7367 a6590 cCHAP00aMendoza Girón, Rodolfo. 0aIntensidad y frecuencia de poda de raíz en Pinus montezumae Lamb. en vivero aChapingo, Méx. :bEl autor,c1992 a48 h. aTesis (Ing. For. con Orientación en Economía y Ordenación) -- UACH. División de Ciencias Forestales14aPináceasxPoda.14aPinus montezumae.14aRaíces14aViveros forestales.